MARC details
| 000 -CABECERA |
| campo de control de longitud fija |
01511nam a2200253 a 4500 |
| 005 - FECHA Y HORA DE LA ÚLTIMA TRANSACCIÓN |
| campo de control |
20231128063706.0 |
| 008 - DATOS DE LONGITUD FIJA--INFORMACIÓN GENERAL |
| campo de control de longitud fija |
231019s2015 mx a||||r|||| 000 0 spa d |
| 020 ## - NÚMERO INTERNACIONAL NORMALIZADO PARA LIBROS |
| Número Internacional Normalizado del libro |
9786078456161 |
| 040 ## - FUENTE DE CATALOGACIÓN |
| Agencia de catalogación original |
MX-MxUPN |
| Idioma de catalogación |
spa |
| Agencia que realiza la transcripción |
MX-MxUPN |
| 041 0# - |
| -- |
spa |
| 050 14 - |
| -- |
LB1585 M63 |
| -- |
C54 2015 |
| 245 00 - MENCIÓN DE TÍTULO |
| Título |
Ciencias, tecnologías y narrativas de las culturas indígenas y migrantes : |
| Parte restante del título |
colores, luz y sombra desde los conocimientos de los pueblos originarios : cuaderno del alumno : educación primaria indígena y de la población migrante : ciclo II (3° y 4°) |
| 246 13 - FORMA VARIANTE DE TÍTULO |
| Título propio/Título breve |
Ciencias, tecnologías y narrativas de las culturas indígenas y migrantes : |
| Resto del título |
los colores y las sombras según la ciencia : cuaderno del alumno : educación primaria indígena y de la población migrante : ciclo II (3° y 4°) |
| 250 ## - MENCIÓN DE EDICIÓN |
| Mención de edición |
Segunda edición. |
| 260 ## - PUBLICACION, DISTRIBUCION, ETC. (PIE DE IMPRENTA) |
| Lugar de publicación, distribución, etc. |
México, D.F. : |
| Nombre del editor, distribuidor, etc. |
Secretaría de Educación Pública, Dirección General de Educación Indígena, |
| Fecha de publicación, distribución, etc. |
2015 |
| 300 ## - DESCRIPCIÓN FÍSICA |
| Extensión |
50, 49 páginas : |
| Otros detalles físicos |
ilustraciones |
| 500 ## - NOTA GENERAL |
| Nota general |
Título de la portada adicional : Ciencias, tecnologías y narrativas de las culturas indígenas y migrantes : los colores y las sombras según la ciencia : cuaderno del alumno : educación primaria indígena y de la población migrante : ciclo II (3° y 4°) |
| 650 #4 - |
| -- |
Ciencias naturales |
| -- |
Estudio y enseñanza (Elemental) |
| -- |
2812 |
| 650 #4 - |
| -- |
Indígenas de México |
| -- |
Cultura |
| -- |
5206 |
| 902 ## - ELEMENTOS DE DATOS B LOCAL, LDB (RLIN) |
| Creó |
GCH191023 |
| Modificó |
Víctor Ruiz/211123 |
| 942 ## - ELEMENTOS DE PUNTO DE ACCESO ADICIONAL (KOHA) |
| Fuente del sistema de clasificación o colocación |
Library of Congress Classification |
| Tipo de ítem Koha |
Libro |